Celebrating 150 years of Bruton Knowles heritage (Record no. 115457)
[ view plain ]
| 000 -LEADER | |
|---|---|
| fixed length control field | 00801cam a22002175a 4500 |
| 001 - CONTROL NUMBER | |
| control field | L158688 |
| 008 - FIXED-LENGTH DATA ELEMENTS--GENERAL INFORMATION | |
| fixed length control field | 150618s2012 xxk f 000 0 eng d |
| 035 ## - SYSTEM CONTROL NUMBER | |
| System control number | (Sirsi) u158688 |
| 041 0# - LANGUAGE CODE | |
| Language code of text/sound track or separate title | eng |
| 100 1# - MAIN ENTRY--PERSONAL NAME | |
| Personal name | Eldridge, Christopher |
| 245 ## - TITLE STATEMENT | |
| Title | Celebrating 150 years of Bruton Knowles heritage |
| Remainder of title | Honouring our past, celebrating our future |
| 260 ## - PUBLICATION, DISTRIBUTION, ETC. | |
| Place of publication, distribution, etc. | Gloucester |
| Name of publisher, distributor, etc. | Bruton Knowles |
| Date of publication, distribution, etc. | 2012 |
| 300 ## - PHYSICAL DESCRIPTION | |
| Extent | 46p, 21 cm |
| 520 ## - SUMMARY, ETC. | |
| Summary, etc. | Traces the 150 years history of Gloucester based firm of chartered surveyors Bruton Knowles founded in 1862 by William Knowles and Henry Bruton. Illustrated with photographs and brochures throughout. |
| 590 ## - LOCAL NOTE (RLIN) | |
| Local note | KA |
| 650 24 - SUBJECT ADDED ENTRY--TOPICAL TERM | |
| Topical term or geographic name entry element | BRUTON KNOWLES |
| 650 24 - SUBJECT ADDED ENTRY--TOPICAL TERM | |
| Topical term or geographic name entry element | ABOUT RICS-RICS MEMBERS |
| 651 #4 - SUBJECT ADDED ENTRY--GEOGRAPHIC NAME | |
| Geographic name | United Kingdom |
| Chronological subdivision | |
| 690 ## - LOCAL SUBJECT ADDED ENTRY--TOPICAL TERM (OCLC, RLIN) | |
| Topical term or geographic name as entry element | Auctioneering |
| 9 (RLIN) | 6218 |
| 942 ## - ADDED ENTRY ELEMENTS (KOHA) | |
| Suppress in OPAC | 0 |
| Withdrawn status | Lost status | Source of classification or shelving scheme | Damaged status | Not for loan | Home library | Current library | Shelving location | Date acquired | Total Checkouts | Full call number | Barcode | Date last seen | Copy number | Price effective from | Koha item type |
|---|---|---|---|---|---|---|---|---|---|---|---|---|---|---|---|
| Dewey Decimal Classification | London | London | Books | 18/06/2015 | 920 ELD | 30078992 | 06/08/2019 | 1 | 06/08/2019 | Book |